header

Global business cycles (Record no. 47766)

MARC details
000 -LEADER
fixed length control field 01206nam a2200301Ia 4500
100 1# - MAIN ENTRY--AUTHOR NAME
Personal name Kose, M. Ayhan.
245 10 - TITLE STATEMENT
Title Global business cycles
260 ## - PUBLICATION, DISTRIBUTION, ETC. (IMPRINT)
Place of publication Washington, D.C. :
Name of publisher International Monetary Fund,
Year of publication 2008.
300 ## - PHYSICAL DESCRIPTION
Number of Pages 48 p. :
Other physical details ill.
490 1# - SERIES STATEMENT
Series statement IMF working paper ;
650 #0 - SUBJECT ADDED ENTRY--TOPICAL TERM
Topical Term Business cycles
Topical Term Globalization.
700 1# - ADDED ENTRY--PERSONAL NAME
Personal name Otrok, Christopher.
Personal name Prasad, Eswar.
856 40 - ELECTRONIC LOCATION AND ACCESS
Uniform Resource Identifier http://site.ebrary.com/lib/rucke/Doc?id=10338561

No items available.

© 2026 Rongo University
Contact us: librarian | system librarian | Rongo university